Magie und Raum : der magische Schutz ausgewählter Räume im alten Ägypten nebst einem Vergleich zu angrenzenden Kulturbereichen /

محفوظ في:

المؤلف الرئيسي: Theis, Christoffer (مؤلف)

التنسيق: كتاب

اللغة: German

الطبعة: Erste Auflage.

سلاسل: Orientalische Religionen in der Antike ; 13.

الموضوعات:

الوسوم: إضافة وسم

لا توجد وسوم, كن أول من يضع وسما على هذه التسجيلة!

رقم الطلب: BF1591 .T44 2014

LEADER 01208namaa2200325 4500
001 23546
003 OSt
005 20211020140027.0
008 130303s2014 gw a g b 001 0 ger d
952 |0 0  |1 0  |2 lcc  |4 0  |6 BF1591 T44 02014  |7 1  |9 20881  |a ARCE  |b ARCE  |d 2021-10-20  |l 0  |o BF1591 .T44 2014  |p 1036022  |r 2021-10-20 00:00:00  |w 2021-10-20  |y BK 
999 |c 23595  |d 23595 
010 |a 2015391655 
020 |a 9783161535567 
040 |c ARCE Library 
043 |a f-ua--- 
050 4 |a BF1591 .T44 2014 
100 1 |a Theis, Christoffer,  |e author  |9 41019 
245 1 0 |a Magie und Raum :  |b der magische Schutz ausgewählter Räume im alten Ägypten nebst einem Vergleich zu angrenzenden Kulturbereichen /  |c Christoffer Theis. 
250 |a Erste Auflage. 
264 1 |a Tubingen :  |b Mohr Siebeck,  |c 2014. 
300 |a xv, 1032 pages :   |b illustrations ;   |c 25 cm. 
490 1 |a Orientalische Religionen in der Antike ;   |v 13. 
504 |a Includes bibliographical references (pages 851-978) and indexes. 
650 0 |a Magic  |z Egypt. 
650 0 |a Magic, Ancient. 
650 0 |a Magic, Egyptian. 
650 0 |a Protection magic. 
830 0 |a Orientalische Religionen in der Antike ;   |v 13. 
901 |a reviewed 
942 |c BK  |2 lcc